[Event "Czerniak Memorial 15th"]
[Site "Tel Aviv"]
[Date "1999.04.03"]
[Round "4"]
[White "Karolyi, Tibor Jr"]
[Black "Alterman, Boris"]
[Result "1/2-1/2"]
[WhiteElo "2430"]
[BlackElo "2615"]
[Annotator "Alterman,B"]
[PlyCount "95"]
[EventDate "1999.03.??"]
[EventType "tourn"]
[EventRounds "9"]
[EventCountry "ISR"]
[EventCategory "10"]
[SourceTitle "CBM 071"]
[Source "ChessBase"]
[SourceDate "1999.08.01"]
[SourceVersion "1"]
[SourceVersionDate "1999.08.01"]
[SourceQuality "1"]

1. d4 Nf6 2. c4 g6 3. Nc3 d5 4. Bf4 Bg7 5. e3 c6 6. Nf3 O-O 7. Qb3 e6 8. h3 (8.
Bd3 Nbd7 (8... Qe7 9. O-O Nh5 10. Bg5 Bf6 11. Bxf6 Nxf6 12. e4 dxe4 13. Nxe4
Nxe4 14. Bxe4 Nd7 15. Rad1 Nf6 16. Bb1 b6 17. Rfe1 Bb7 18. h3 Qc7 19. Qe3 Kg7 {
1/2-1/2 Martinez,J-Vidal,N/ESP-chT 1990/EXT 97}) (8... Nh5 9. Be5 f5 10. Bxg7
Nxg7 11. O-O Nd7 12. Rae1 Rf7 13. Rc1 Qf6 14. Nd2 Ne8 15. cxd5 exd5 16. f4 {
Stahlberg,G-Fenoglio,V/Mar del Plata 1943/HCL 24/1-0 (76)}) 9. O-O Re8 (9...
Nh5 10. Bd6 Re8 11. e4 dxe4 12. Nxe4 Ndf6 13. c5 Nxe4 14. Bxe4 Bf8 15. Bxf8
Rxf8 16. Rad1 Nf6 17. Rfe1 Qc7 18. Qe3 $16 {1/2-1/2 Schoeppl,E-Watzka,H/AUT BL
1989/TD 90\04 (39)}) 10. h3 dxc4 11. Bxc4 Nd5 12. Bg3 N5b6 13. Ne5 Nxc4 14.
Qxc4 Nb6 15. Qb3 a5 16. a4 f6 17. Nf3 Nd5 18. e4 Nb4 19. Na2 Nxa2 20. Qxa2 Ra6
21. Qa3 $14 {1/2-1/2 Petrosian,T-Bivshev,V/URS-ch21 Kiev 1954/URS-ch (42)})
8... Nbd7 (8... dxc4 9. Bxc4 Nd5 10. Bh2 Nd7 11. O-O Nxc3 12. bxc3 c5 13. a4
cxd4 14. cxd4 b6 15. a5 Bb7 16. Be2 Bd5 17. Qb4 Re8 18. Rfc1 Bf8 19. Qa4 a6 20.
axb6 $14 {1/2-1/2 Da Silva Rocha,A-Gromer,A/Buenos Aires ol f-A 1939/HCL 37 
(38)}) (8... b6 9. Be2 Nbd7 10. O-O Qe7 11. cxd5 exd5 12. Qa4 Bb7 13. Ba6 Bxa6
14. Qxa6 Rfc8 15. Rfd1 h6 16. Rac1 Qe8 17. Rc2 Bf8 18. Rdc1 $14 {Sanguineti,
R-Padevsky,N/Nice olm 1974/MCD-ol/1-0 (74)}) 9. Rc1 (9. cxd5 exd5 10. Be2 Re8
11. O-O Nf8 (11... Ne4 12. Nxe4 Rxe4 13. Rfc1 Re8 14. Bd3 Qe7 15. Qa4 Bf8 16.
a3 Nf6 17. b4 Ne4 18. Qc2 a6 19. Nd2 $11 {Alatortsev,V-Freiman,S/URS-ch09
Leningrad 1934/URS-ch/1-0 (46)}) 12. Bh2 Ne6 13. Rad1 b6 14. Ne5 Bb7 15. f4 Nd7
16. f5 Nec5 17. Nxf7 Qe7 18. dxc5 Nxc5 19. Qc2 Qxf7 $13 {0-1 Soln,P-Ivacic,V/
Slovenian Championship Maribor 1998 (30)}) (9. a4 Qa5 10. Nd2 Re8 11. Be2 dxc4
12. Nxc4 Qd8 13. Rd1 Nd5 14. Bg3 Qg5 15. Ne4 Qe7 16. O-O $16 {Holowach,W-Hall,
L/CAN-ch 1945/HCL 41/1-0 (46)}) (9. Bd3 Re8 10. O-O b6 11. Rac1 Bb7 12. Rfd1 c5
13. Ne5 cxd4 14. exd4 dxc4 15. Nxc4 Nh5 16. Be3 Ndf6 17. Nb5 $11 {1/2-1/2
Jacob,V-Schlindwein,R/Waldshut BM 1991/GER 04 (51)}) (9. Rd1 dxc4 10. Bxc4 Nd5
11. Bh2 Nxc3 12. bxc3 Qe7 13. O-O b6 14. Be2 Bb7 15. c4 Rfd8 16. c5 b5 17. Bc7
Rdc8 18. Bd6 Qe8 19. Ne5 $18 {Morales,S-Castro de Mendoza,R/Buenos Aires ol
f-B 1939/HCL 37/1-0 (44)}) (9. Be2 Nb6 10. c5 Nbd7 11. Qd1 a5 12. a3 b6 13. b4
bxc5 14. bxc5 Ba6 15. O-O Bxe2 16. Qxe2 Nb8 17. Rab1 $16 {1-0 Soln,P-Hofbauer,
P/Finkenstein op 1995/EXT 95op (26)}) 9... Re8 10. Bd3 dxc4 (10... Nh5 11. Bg5
(11. Bh2 e5 $1 $36) 11... f6 12. Bh4 g5 13. g4 $1) 11. Bxc4 Nd5 12. Bg3 N5b6
13. Ne4 (13. Be2 e5 14. dxe5 Nxe5 15. Bxe5 Bxe5 16. Nxe5 Rxe5 17. O-O Qh4 $36)
13... Nxc4 14. Qxc4 Nb6 15. Qb3 Qd5 16. Qxd5 (16. Nd6 Qxb3 17. axb3 Rd8 18. e4
Bf8 19. e5 Bxd6 20. exd6 f6 $13) 16... exd5 17. Nd6 Rd8 18. Ke2 Bf8 19. Nxc8
Rdxc8 20. Bf4 (20. h4 $5) 20... a5 21. g4 $11 a4 22. Ne5 Re8 23. Nd3 Nc4 24. h4
h6 25. Rc2 Ra6 26. Ne5 (26. g5 h5 27. Rhc1) 26... Nxe5 27. Bxe5 c5 {It looks
that black get some advantage but after the next very strong move I didn't
find something special.} 28. g5 $1 c4 29. f4 h5 30. e4 $1 {Now white gets a
very strong counterplay in the centre. Probably black should think about draw.}
b5 31. exd5 Rd6 32. Kf3 Rxd5 33. Ke4 Red8 34. Bf6 (34. Rd1 Bg7 35. b3 {Was
very unpleasant for black}) 34... R8d7 35. b3 cxb3 36. axb3 Bg7 37. Bxg7 Kxg7
38. Rd1 a3 39. b4 R5d6 40. Ra2 Ra7 41. Rd3 Ra4 42. Raxa3 (42. Rb3 Ra7 43. Rbxa3
Re7+ 44. Kd3 Red7) 42... Rxb4 43. Ke5 (43. Rab3 $4 Rdxd4+) 43... Rd8 $1 44.
Rac3 Rb1 $1 {[%mdl 256]} 45. d5 b4 46. Rb3 Re1+ 47. Kd4 Rf1 48. Rxb4 1/2-1/2

[Event "Olympiad-37"]
[Site "Turin"]
[Date "2006.05.25"]
[Round "5"]
[White "Timoscenko, Gennadij A"]
[Black "Atalik, Suat"]
[Result "1/2-1/2"]
[WhiteElo "2482"]
[BlackElo "2632"]
[Annotator "Atalik,S"]
[PlyCount "28"]
[EventDate "2006.05.21"]
[EventType "team-swiss"]
[EventRounds "13"]
[EventCountry "ITA"]
[SourceTitle "CBM 113"]
[Source "ChessBase"]
[SourceDate "2006.07.31"]
[SourceVersion "1"]
[SourceVersionDate "2006.07.31"]
[SourceQuality "1"]
[WhiteTeam "Slovakia"]
[BlackTeam "Turkey"]
[WhiteTeamCountry "SVK"]
[BlackTeamCountry "TUR"]

1. d4 Nf6 2. c4 g6 3. Nc3 d5 4. Bf4 Bg7 5. e3 c5 6. dxc5 Qa5 7. Rc1 dxc4 8.
Bxc4 O-O 9. Nf3 Qxc5 10. Bb3 Nc6 11. O-O Qa5 12. h3 Bf5 13. Qe2 Ne4 14. Nxe4 $5
(14. Nd5 {did not intimidate Lupulescu+Computer!} e5 15. Rxc6 exf4 16. Rc7 Be6
17. Ne7+ Kh8 18. Rfc1 Bxb3 19. axb3 fxe3 20. Qxe3 Nd6 21. Qf4 Rad8 22. Ng5 Qb6
23. Qh4 h6 24. Ne6 fxe6 25. Nxg6+ Kg8 26. Nxf8 Rxf8 27. Rd7 Nf5 28. Qe4 Qxb3
29. g4 Ng3 30. Qe1 Nh1 31. Rcc7 Rxf2 32. Rxg7+ Kf8 33. Qxf2+ Nxf2 34. Rcf7+ Ke8
35. Rxb7 Nxh3+ 36. Kh2 Qc2+ 37. Kxh3 Qd3+ 38. Kh4 Qd8+ 39. Kh5 Qd5+ 40. Kxh6
Qh1+ 41. Kg5 Qd5+ 42. Kf6 Qd4+ 43. Kxe6 Qe4+ $11) 14... Bxe4 {I wanted to have
a free day!} (14... Bxe4 15. Rfd1 Bxf3 16. Qxf3 Bxb2 17. Rb1 Be5 18. Rd5 Qc3
19. Bxe5 Nxe5 20. Qf4 Nc6 21. Rd7 Na5 22. Rxe7 Nxb3 23. Rxb3 Qa1+ 24. Kh2 Qxa2
25. Rbxb7 a5 $11 {is more or less equal known since Ivan having white against
Sutovsky from some Bosnian League game.}) 1/2-1/2

[Event "URS-ch46 First League+"]
[Site "Ashkhabad"]
[Date "1978.??.??"]
[Round "4"]
[White "Kakageldyev, Amanmurad"]
[Black "Vaganian, Rafael A"]
[Result "1/2-1/2"]
[WhiteElo "2415"]
[BlackElo "2570"]
[Annotator "Bulletin"]
[PlyCount "83"]
[EventDate "1978.10.??"]
[EventType "tourn"]
[EventRounds "17"]
[EventCountry "URS"]
[EventCategory "10"]
[SourceTitle "MCL"]
[Source "ChessBase"]
[SourceDate "1999.07.01"]
[SourceVersion "1"]
[SourceVersionDate "1999.07.01"]
[SourceQuality "1"]

1. d4 Nf6 2. c4 g6 3. Nc3 d5 4. Nf3 Bg7 5. Bf4 O-O 6. Rc1 c6 7. e3 Bg4 8. Qb3
Bxf3 9. gxf3 Qd7 10. h4 $5 e6 11. Bd3 Nh5 12. Bh2 Qe7 $6 (12... Na6 13. cxd5
exd5 14. Bxa6 bxa6 15. Na4 Qf5 $13) 13. cxd5 exd5 14. Kd2 $1 b5 $6 15. Ne2 Qe6
16. Qc2 Rc8 17. Bxb5 a5 18. Bd3 Nd7 19. Qa4 c5 20. b3 Nb6 21. Qb5 c4 22. bxc4
dxc4 23. Be4 $16 Ra7 24. Nc3 Bf8 25. Rhg1 Ng7 26. Rb1 Nd7 27. Bb7 Re8 28. Qd5
Qe7 29. Qxc4 Nf5 30. Ne4 Qxh4 31. Qd5 $2 (31. Bg3 Nxg3 32. Rxg3) 31... Rxe4 $1
32. Qxe4 (32. fxe4 Qxf2+ $19) 32... Qxh2 (32... Qxf2+ 33. Kd3) 33. Qxf5 Bb4+
34. Ke2 Rxb7 35. a3 Be1 $3 36. Rxb7 (36. Rbxe1 Rb2+ 37. Kd3 Qxf2) 36... Qxg1
37. Qxd7 Qxf2+ 38. Kd3 Qxf3 39. Rb8+ (39. Qb5 $1 $16) 39... Kg7 40. Qd8 Qf1+
41. Kc2 Qe2+ 42. Kb1 1/2-1/2

[Event "Porz Citroen-Cup"]
[Site "Cologne"]
[Date "1993.??.??"]
[Round "2"]
[White "Grigore, George Gabriel"]
[Black "Holzke, Frank"]
[Result "1-0"]
[WhiteElo "2455"]
[BlackElo "2375"]
[Annotator "Bulletin"]
[PlyCount "61"]
[EventDate "1993.??.??"]
[EventType "tourn"]
[EventRounds "9"]
[EventCountry "GER"]
[EventCategory "9"]
[SourceTitle "EXT 1999"]
[Source "ChessBase"]
[SourceDate "1998.11.16"]
[SourceVersion "1"]
[SourceVersionDate "1998.11.16"]
[SourceQuality "1"]

1. d4 Nf6 2. c4 g6 3. Nc3 d5 4. Bf4 Bg7 5. Nf3 O-O 6. e3 c5 7. dxc5 Qa5 8. Rc1
dxc4 9. Bxc4 Qxc5 10. Bb3 Nc6 11. O-O Qa5 12. h3 Bf5 13. Qe2 Ne4 14. Nd5 e5 15.
Bh2 Be6 16. Rfd1 Rfd8 17. Qc4 Nf6 18. e4 Rac8 19. Ng5 Nd4 {[#]} 20. Ne7+ Kf8
21. Nxe6+ Kxe7 22. Nxd8 Rxc4 23. Bxc4 Nd7 $2 (23... Nxe4 24. Nxf7 Qb6 25. Nxe5
Bxe5 26. Bxe5 Nf3+ $11) 24. Nxf7 b5 25. Rxd4 exd4 26. Bd6+ Ke8 27. Be6 Nb6 28.
b4 Qa3 29. Rc7 Bf8 30. Ng5 (30. Bxf8 Kxf8 31. Nd6 Nd7 $1 32. Rxd7 (32. Bxd7
Qxb4 {mit unkoordinierter weißer Figurenstellung und starkem schwarzen
Freibauern.}) 32... Qc1+ 33. Kh2 Qf4+ $11) 30... Kd8 31. Bf7 1-0

[Event "URS-ch46 First League"]
[Site "Ashkhabad"]
[Date "1978.??.??"]
[Round "11"]
[White "Kochyev, Alexander"]
[Black "Kakageldyev, Amanmurad"]
[Result "1-0"]
[WhiteElo "2555"]
[BlackElo "2415"]
[Annotator "Bulletin"]
[PlyCount "81"]
[EventDate "1978.10.??"]
[EventType "tourn"]
[EventRounds "17"]
[EventCountry "URS"]
[EventCategory "10"]
[SourceTitle "MCL"]
[Source "ChessBase"]
[SourceDate "1999.07.01"]
[SourceVersion "1"]
[SourceVersionDate "1999.07.01"]
[SourceQuality "1"]

1. Nf3 d5 2. c4 c6 3. d4 Nf6 4. Qc2 g6 5. Bf4 Bg7 6. e3 O-O 7. Nc3 Na6 8. Be2
dxc4 9. Bxc4 Nb4 10. Qb3 a5 11. a3 Nbd5 12. Be5 a4 13. Qc2 Bf5 14. e4 Nxc3 15.
exf5 Ncd5 16. h4 Qa5+ 17. Kf1 e6 18. fxe6 fxe6 19. Re1 Nh5 20. Bxg7 Nxg7 21. h5
gxh5 22. Bd3 Nf6 23. Re5 Qc7 24. Rh3 Kh8 25. Kg1 Ra5 26. Qd2 $1 Rxe5 27. Nxe5
Ng8 28. Qg5 Qe7 29. Qg6 hxg6 $2 (29... Nf6 $1 30. Qxh7+ Nxh7 31. Ng6+ Kg8 32.
Nxe7+ Kf7 33. Bxh7 Kxe7) 30. Nxg6+ Kh7 31. Nxe7+ Kh6 32. Nxg8+ Rxg8 33. Rg3 Rd8
34. Rg6+ Kh7 35. Rxe6+ Kh8 36. Rh6+ Kg8 37. Bc4+ Kf8 38. d5 cxd5 39. Rh8+ Ke7
40. Rxd8 Kxd8 41. Bxd5 1-0

[Event "URS-ch46 First League"]
[Site "Ashkhabad"]
[Date "1978.??.??"]
[Round "1"]
[White "Savon, Vladimir A"]
[Black "Timoscenko, Gennadij A"]
[Result "1/2-1/2"]
[WhiteElo "2560"]
[BlackElo "2530"]
[Annotator "Bulletin"]
[PlyCount "53"]
[EventDate "1978.10.??"]
[EventType "tourn"]
[EventRounds "17"]
[EventCountry "URS"]
[EventCategory "10"]
[SourceTitle "MCL"]
[Source "ChessBase"]
[SourceDate "1999.07.01"]
[SourceVersion "1"]
[SourceVersionDate "1999.07.01"]
[SourceQuality "1"]

1. d4 Nf6 2. c4 g6 3. Nc3 d5 4. Bf4 Bg7 5. e3 O-O 6. Rc1 c6 7. Nf3 Bg4 8. Bd3 (
8. Qb3 $5 Bxf3 9. Qxb7 $2 (9. gxf3 Qd7) 9... Bg4 10. Qxa8 Qb6 $1) 8... Qa5 9.
O-O Nbd7 10. Bg3 dxc4 11. Bxc4 e5 12. dxe5 Bxf3 13. gxf3 Nxe5 14. Be2 Rfe8 15.
Qb3 Qb6 16. Rfd1 Qxb3 17. axb3 Re7 18. Na4 Nh5 19. Bxe5 Rxe5 20. Rd7 Rb8 21.
Nc5 Bf8 22. Ne4 $10 (22. Nxb7 Nf6 23. Rc7 Ne8) (22. Rxb7 $2 Rxc5 $1 $17) 22...
Re7 23. Rcd1 Rbe8 24. b4 Rxd7 25. Rxd7 Re7 26. Rd8 Kg7 27. Ra8 1/2-1/2

[Event "URS-ch46 First League"]
[Site "Ashkhabad"]
[Date "1978.??.??"]
[Round "13"]
[White "Alburt, Lev O"]
[Black "Timoscenko, Gennadij A"]
[Result "1/2-1/2"]
[WhiteElo "2510"]
[BlackElo "2530"]
[Annotator "Bulletin"]
[PlyCount "86"]
[EventDate "1978.10.??"]
[EventType "tourn"]
[EventRounds "17"]
[EventCountry "URS"]
[EventCategory "10"]
[SourceTitle "MCL"]
[Source "ChessBase"]
[SourceDate "1999.07.01"]
[SourceVersion "1"]
[SourceVersionDate "1999.07.01"]
[SourceQuality "1"]

1. d4 d5 2. c4 c6 3. Nf3 Nf6 4. Qc2 g6 5. Bf4 Bg7 6. e3 O-O 7. Nc3 Be6 8. Ng5
Bf5 9. Qb3 Qb6 10. Be2 Nbd7 11. h3 h6 12. Nf3 dxc4 13. Bxc4 Qxb3 14. Bxb3 c5
15. Rd1 g5 16. Bh2 a6 17. Ne5 cxd4 18. exd4 e6 19. O-O Nxe5 20. dxe5 (20. Bxe5
$5) 20... Ne4 21. Nxe4 Bxe4 22. Rd4 Bc6 23. Rfd1 a5 24. h4 gxh4 25. Rxh4 Rfd8
26. Rhd4 Rxd4 27. Rxd4 a4 28. Bc4 Ra5 29. Rd8+ Bf8 30. Bf4 Kg7 31. Be3 (31. Bd2
Rc5 32. b3 Be7 $10) (31. Bxh6+ Kxh6 32. Rxf8 Kg7 {/\ Te5:=}) 31... b5 32. Be2
a3 33. b3 Bd5 34. Bd2 Ra7 35. Bxb5 Rc7 (35... Bxb3 36. axb3 a2 37. Bc3 a1=Q+
38. Bxa1 Rxa1+ $14) 36. Bc4 Bxc4 37. bxc4 Rxc4 38. Bxh6+ Kxh6 39. Rxf8 Kg7 40.
Ra8 Rc1+ 41. Kh2 Rc2 42. f4 $10 (42. Rxa3 Rxf2 $10) 42... Rxa2 43. Kg3 Kg6
1/2-1/2

[Event "Dilijan FIDE GP (Women)"]
[Site "Dilijan"]
[Date "2013.06.18"]
[Round "3"]
[White "Batchimeg, Tuvshintugs"]
[Black "Cmilyte, Viktorija"]
[Result "1-0"]
[WhiteElo "2316"]
[BlackElo "2511"]
[Annotator "CB"]
[PlyCount "89"]
[EventDate "2013.06.16"]
[EventType "tourn"]
[EventRounds "11"]
[EventCountry "ARM"]
[EventCategory "11"]
[SourceTitle "CBM 155"]
[Source "ChessBase"]
[SourceDate "2013.07.16"]
[SourceVersion "1"]
[SourceVersionDate "2013.07.16"]
[SourceQuality "1"]

1. d4 Nf6 2. Nf3 g6 3. c4 Bg7 4. Nc3 d5 5. Bf4 O-O 6. e3 c5 7. dxc5 Ne4 8. Rc1
Nd7 9. cxd5 Nxc3 ({Üblicher ist} 9... Qa5 10. Nd4 Nxc3 11. bxc3 {z.B.:} Qxa2 (
11... Nxc5) 12. c6 Nc5 13. Be2 Qxd5 14. Bf3 Qc4 15. Be2 Qd5 16. Bf3 Qc4 17. Be2
Qd5 {1/2-1/2 (17) Ivanchuk,V (2757)-Gelfand,B (2740) London 2013}) 10. bxc3 Qa5
11. Qb3 Nxc5 12. Qb4 Qb6 13. Be5 Bf5 (13... Bxe5 14. Nxe5 Rd8 15. Rd1 Bf5 16.
f3 Qc7 17. Nc6 bxc6 18. Qxc5 Qe5 19. Ba6 cxd5 20. O-O Rd6 21. Bb7 Rb8 22. f4
Qe4 23. Bxd5 Qc2 24. Bxf7+ Kxf7 25. Rxd6 Be4 26. Qc4+ Kf8 27. Rd2 Qxd2 28. Qxe4
Qxc3 29. f5 g5 30. h3 Rc8 31. Rd1 Qf6 32. Qd5 Rc2 33. Qb3 Qc6 34. Rd8+ Kg7 35.
Qg8+ Kh6 36. Qf8+ Kh5 37. Qe8+ Qxe8 38. Rxe8 Rc7 39. Rf8 g4 40. Kf2 Kh4 41. e4
g3+ 42. Ke3 Rc3+ 43. Kd4 Rc2 44. Rf7 h5 45. Rxe7 Rxg2 46. Rg7 Rf2 47. Ke5 Kxh3
48. Kf6 h4 49. e5 Kg2 50. e6 h3 51. e7 Re2 52. Kf7 h2 53. e8=Q Rxe8 54. Kxe8
h1=Q 55. f6 Qh6 56. Ke7 Kf2 57. Rg8 Qe3+ {0-1 (57) Evdokimov,A (2500)-Sutovsky,
E (2607) Saratov 2006}) 14. Bxg7 Kxg7 15. Be2 Rfd8 16. Qd4+ f6 17. c4 e5 (17...
Qb4+ 18. Nd2 $5 Ne4 19. Rc2 $5) 18. Qd1 Rd6 19. O-O Qa5 20. Ra1 Rb6 21. Nd2 Rb2
22. Nb3 Nxb3 23. axb3 Qc3 24. Rc1 Bc2 (24... Qxb3 25. Qxb3 Rxb3 26. g4 Bc8 27.
c5 a5 $11) 25. Qe1 Qxb3 $6 {Erlaub Weiß den kommenden Damenausflug.} (25...
Qxe1 26. Rfxe1 a5 $11) 26. Qa5 Bf5 (26... b6 27. Qa6 Rf8 28. Qxa7+ Rf7 29. Qb8
Bf5 30. Rfe1 $14) 27. Qc7+ Kh6 28. Bf3 {Nun ist e3-e4 eine häßliche Drohung.}
Qb6 29. Qe7 Bd3 $2 (29... Qd8 30. Qa3 Qb6 $16) (29... g5 30. e4 Bg6 $16) 30.
Rfd1 Bc2 31. c5 ({Nach} 31. Rd2 $2 e4 32. Be2 Bd3 {wäre Schwarz wieder gut im
Spiel, denn die weißen Figuren stehe allesamt unsicher.}) (31. Re1 {wäre
aber auch OK gewesen.}) 31... Qb5 32. Re1 e4 33. Be2 (33. Bg4 {war auch gut,
denn auf} f5 {folgt Matt:} 34. Bxf5 gxf5 35. Qf6+ Kh5 36. Qxf5+ Kh6 37. Qf6+
Kh5 38. g4+ Kxg4 39. Kh1 $18) 33... Bd3 34. Bg4 {nun doch...} f5 35. Bxf5 gxf5
36. Qf6+ Kh5 37. Qxf5+ Kh6 38. Qf6+ Kh5 39. h3 (39. g4+ Kxg4 40. Kh1 $18) 39...
Rg8 40. g4+ Rxg4+ 41. hxg4+ Kxg4 42. Qf4+ Kh5 43. Qf5+ Kh6 44. Qf6+ Kh5 45. Kg2
1-0

[Event "British CF-68 Championship"]
[Site "Morecambe/ Lancashire"]
[Date "1981.08.12"]
[Round "9"]
[White "Clarke, Peter Hugh"]
[Black "King, Daniel J"]
[Result "0-1"]
[WhiteElo "2320"]
[BlackElo "2320"]
[Annotator "ChessBase"]
[PlyCount "80"]
[EventDate "1981.08.03"]
[EventType "swiss"]
[EventRounds "11"]
[EventCountry "ENG"]
[SourceTitle "EXT 1999"]
[Source "ChessBase"]
[SourceDate "1998.11.16"]
[SourceVersion "1"]
[SourceVersionDate "1998.11.16"]
[SourceQuality "1"]

1. d4 Nf6 2. c4 g6 3. Nc3 d5 4. Nf3 Bg7 5. Bf4 O-O 6. e3 c5 7. Qb3 cxd4 8. Nxd4
dxc4 9. Bxc4 Nbd7 10. Bg3 Nc5 11. Qc2 Qb6 12. O-O Bd7 13. Rac1 Rac8 14. a3 Rfd8
15. Rfd1 Ne6 16. Nxe6 Bxe6 17. Rxd8+ Rxd8 18. Bxe6 Qxe6 19. Rd1 Rxd1+ 20. Qxd1
Nd7 21. Qd3 Qc6 22. f3 Bf6 23. Kf1 Kg7 24. Ke2 Nb6 25. Kd2 Nc4+ 26. Kc2 b5 27.
Be1 a5 28. Kb1 b4 29. axb4 axb4 30. Nd1 Qa4 31. Qxc4 Qxd1+ 32. Qc1 Qd3+ 33. Ka2
Qd5+ 34. Kb1 b3 35. Qd2 Qc4 36. g3 h5 (36... Qa6 37. Qf2 Qa2+ 38. Kc1 Qa1+ 39.
Kd2 Qxb2+ 40. Kd3 Qc1 $19) 37. e4 Bd4 $4 38. h3 $4 (38. Qxd4+ Qxd4 39. Bc3 $13)
38... e5 39. g4 hxg4 40. hxg4 Qf1 (40... Qa6) 0-1

[Event "Tel Aviv"]
[Site "Tel Aviv"]
[Date "2001.02.23"]
[Round "4"]
[White "Mikhalevski, Alexander"]
[Black "Greenfeld, Alon"]
[Result "0-1"]
[WhiteElo "2438"]
[BlackElo "2570"]
[Annotator "Ernst,T"]
[PlyCount "98"]
[EventDate "2001.02.20"]
[EventType "tourn"]
[EventRounds "9"]
[EventCountry "ISR"]
[EventCategory "9"]
[SourceTitle "CBM 082"]
[Source "ChessBase"]
[SourceDate "2001.05.17"]
[SourceVersion "1"]
[SourceVersionDate "2001.05.17"]
[SourceQuality "1"]

1. d4 Nf6 2. c4 g6 3. Nc3 d5 4. Bf4 Bg7 5. e3 O-O 6. Nf3 c5 7. dxc5 Qa5 8. Rc1
dxc4 9. Bxc4 Qxc5 10. b3 Nc6 11. O-O Bg4 12. h3 Rfd8 13. Qe2 Bxf3 14. Qxf3 Qa5
$11 15. g4 Rac8 16. Bg3 e6 17. Nb1 Qxa2 18. Bh4 (18. Rfd1 Rxd1+ 19. Rxd1 Qc2
$17) 18... Qb2 19. Nc3 Ne5 20. Qf4 Rxc4 $5 {This exchange sacrifice leads to
interesting complications.} (20... Nd3 $1 21. Bxd3 Rxd3 22. Nd5 Qxc1 23. Nxf6+
Bxf6 24. Bxf6 Rd1 25. Qh6 Rxf1+ 26. Kg2 Rg1+ 27. Kh2 (27. Kf3 Qd1+ 28. Kf4 Qd6+
$19) 27... Rh1+ 28. Kg3 Qg1+ 29. Kf3 Qd1+ 30. Kg2 Qf1+ 31. Kg3 Rxh3+ $19) 21.
bxc4 Nd3 22. Qc7 Rf8 23. Na4 $8 Qe2 24. Rcd1 Ne4 25. Qxb7 f5 $44 26. Rxd3 $2 (
26. Qc6 Ndxf2 27. Bxf2 Nxf2 28. Rxf2 (28. Qg2 $2 fxg4 29. hxg4 Qxc4 $17) 28...
Qxd1+ 29. Rf1 Qc2 30. Qxe6+ Kh8 31. Nc5 f4 $1 (31... Rf6 32. Qe8+ Rf8 33. Qe6
$11) (31... fxg4 32. Rxf8+ Bxf8 33. Qe5+ Kg8 34. Qd5+ Kh8 $11 (34... Kg7 $2 35.
Ne6+ $16)) 32. Nd7 (32. exf4 Bd4+ 33. Kh1 Qc3 $19) (32. Rxf4 Rxf4 33. exf4 Bd4+
34. Kh1 Qd1+ 35. Kg2 Qg1+ 36. Kf3 Bxc5 37. Qe8+ Kg7 38. Qd7+ Kg8 39. Qe8+ Bf8
$19) 32... f3 33. Rf2 Qd1+ 34. Kh2 Qe1 $19) (26. gxf5 $1 gxf5 (26... Ndxf2 27.
Bxf2 Nxf2 28. Qg2 Qxc4 29. Nb2 Bxb2 30. Rxf2 Bc1 31. Rc2 Bxe3+ 32. Kh1 $16) 27.
Qd7 Ne5 28. Qxe6+ Kh8 29. Kg2 Nf3 30. Be7 $1 (30. Bg3 Nxg3 31. Kxg3 Be5+ 32.
Kg2 Nh4+ $19) 30... Rg8 31. Rd8 $8 Ne1+ 32. Kh2 Nf3+ 33. Kg2 Ne1+ $11) 26...
Qxd3 27. Qc6 Nd2 28. Rd1 Qe2 $19 29. Rxd2 Qxd2 30. Qxe6+ Kh8 31. Nc5 Qd1+ 32.
Kh2 g5 33. Bxg5 fxg4 34. Ne4 gxh3 35. Qxh3 Qe2 36. Qe6 Qh5+ 37. Kg1 Re8 38. Qf5
h6 $1 39. f4 hxg5 40. Nxg5 Rf8 41. Qd5 Qg4+ 42. Kf2 Qf5 {Forces the exchange
of queens.} 43. Ne6 Qxd5 44. cxd5 Rb8 45. d6 a5 46. e4 a4 47. e5 a3 48. Nd4 a2
49. Nc2 Kg8 (49... Rb2 $6 50. d7 Rb8 $19) 0-1

[Event "Belgrade GMA op"]
[Site "Belgrade"]
[Date "1988.??.??"]
[Round "?"]
[White "Ftacnik, Lubomir"]
[Black "Krnic, Zdenko"]
[Result "1-0"]
[WhiteElo "2590"]
[BlackElo "2430"]
[Annotator "Ftacnik,L"]
[PlyCount "101"]
[EventDate "1988.12.??"]
[EventType "swiss"]
[EventRounds "9"]
[EventCountry "YUG"]
[SourceTitle "TD"]
[Source "ChessBase"]
[SourceDate "1994.03.01"]
[SourceVersion "1"]
[SourceVersionDate "1994.03.01"]
[SourceQuality "1"]

1. d4 Nf6 2. c4 g6 3. Nc3 d5 4. Bf4 Bg7 5. e3 c6 6. Nf3 O-O 7. Be2 Be6 8. Ng5
Bf5 9. Qb3 h6 (9... Qb6 10. c5 Qxb3 11. axb3 Nbd7 12. b4 a6 13. h3 h6 $1 14.
Nf3 Be4 $1 15. O-O Bxf3 16. Bxf3 Rfe8 $10 {Oll,L-Romanishin,O/Tallinn/1987/})
10. Nf3 Qb6 11. O-O Nbd7 12. cxd5 Qxb3 13. axb3 cxd5 14. Ra5 a6 15. b4 g5 16.
Bg3 e6 17. Rfa1 Nb6 18. h4 gxh4 19. Nxh4 Bc2 20. Nf3 Rfc8 21. Be5 Nc4 22. Bxc4
Rxc4 23. b5 Rb4 24. bxa6 Rxa6 25. Rxa6 bxa6 26. Rxa6 Ng4 27. Ra8+ Kh7 28. Rb8
Rxb8 29. Bxb8 Bf8 30. Ba7 Bb4 31. Na2 Bd6 32. Bc5 Bc7 33. Nc3 Bd3 34. b4 f6 35.
Ne1 Bc4 36. g3 Kg6 37. Nc2 h5 38. Na3 Bd3 39. Nab5 Bd8 40. Nd6 h4 41. gxh4 f5
42. b5 Bxh4 43. b6 Ba6 44. Ncb5 Bxf2+ 45. Kg2 Bh4 46. Nc7 Be2 47. Nxe6 Nxe3+
48. Kh3 Bg5 49. b7 f4 50. Nxg5 Kxg5 51. b8=Q 1-0